000 00596nam a22002177a 4500
008 150518b xxu||||| |||| 00| 0 eng d
020 _a9780073381374
020 _a0073381373
041 0 _aeng
080 _a658.3
100 _aRue, Leslie W.
245 1 0 _aSupervision :
_cLeslie W. Rue, Lloyd L. Byars.
250 _a10th ed.
260 _aNew York :
_bMcGraw-Hill Irwin,
_cc2010.
300 _a430 f. :
_bme il.:
_c26 cm.
650 0 _aBurimet njerëzore
650 0 _aPunonjësit
700 1 _aByars, Lloyd L.
700 1 _aRue, Leslie W.
942 _2udc
_cBK
999 _c801
_d801